00684nam a2200241 a 4500001001300000003000900013005001700022008004100039020001000080082001600090100002300106245001900129260003800148300000900186500003500195505002400230650001600254700002300270902000800293942000700301952011700308999001700425nice12345678IN_TiNIC20260116013529.0050524s1997 dela grp 000 0 eng  ac28000a297.7bKHA2 aKhan, Zafrul Islam aHijrah Inislam aDelhibPharos Media and Pubc1997 a398p aincludes index and biblioraphy2 aBibliography, Index aHijra-Islam1 aKhan, Zafrul Islam bSRS cBK 001040708StackRoom-aHMIbHMId2007-07-12g280.00l0o297.7 KHA2p017410r2007-07-12v280.00w2005-05-24yBK c11349d11349